000 00242nam a2200097Ia 4500
001 1206151
005 20251009125512.0
008 250824s9999 xx 000 0 und d
245 0 _aDÜNYA NÖBETİ
_cALEV ALATLI
260 _bEVEREST YAYINLARI
999 _c1206151
_d1206151